[Event "SF Essen-Katernberg  1 - SF Brackel 1"]
[Site "Oberliga NRW 2021/2022"]
[Date "2021.12.12"]
[Round "3.8"]
[White "Gruenter, Martin"]
[Black "Bungarten, Jona"]
[Result "1-0"]
[WhiteElo "2155"]
[BlackElo "1927"]
[PlyCount "101"]
[EventDate "2021.??.??"]
[SourceVersionDate "2020.03.16"]
[WhiteTeam "SF Essen-Katernberg  1"]
[BlackTeam "SF Brackel 1"]

1. e4 e5 2. Nf3 Nc6 3. Bc4 Nf6 4. d3 h6 5. c3 d6 6. Bb3 Qe7 7. Nbd2 Be6 8. Nf1
O-O-O 9. Ba4 Bd7 10. Ne3 g5 11. O-O Nh5 12. Nd5 Qe6 13. Nxe5 Nxe5 14. Bxd7+
Rxd7 15. Qxh5 Nxd3 16. Be3 c6 17. Bd4 Ne5 18. Ne3 Rg8 19. Rfd1 Ng6 20. Bxa7
Qxe4 21. Qg4 Qxg4 22. Nxg4 Bg7 23. Bd4 Ne5 24. Ne3 h5 25. Nf5 Bf6 26. Re1 Re8
27. Rad1 Kc7 28. Ng3 h4 29. Nh5 Bh8 30. f4 gxf4 31. Nxf4 Rde7 32. Kf1 Bf6 33.
Nh5 Re6 34. Nf4 R6e7 35. Nh5 Re6 36. Nxf6 Rxf6+ 37. Kg1 h3 38. Bxe5 dxe5 39.
Rf1 Rg6 40. Rxf7+ Kb6 41. g3 e4 42. Kf2 Rg5 43. Ke3 Ra5 44. a3 Rae5 45. Rdd7
Ka5 46. Rxb7 Rd5 47. Rbd7 Rb5 48. Ra7+ Kb6 49. Rab7+ Kc5 50. Rxb5+ Kxb5 51. Rf4
1-0

[Event "SV Letmathe 1 - SV Mülheim-Nord 2"]
[Site "Oberliga NRW 2021/2022"]
[Date "2021.12.12"]
[Round "3.2"]
[White "Schleining, Zoya"]
[Black "Lenaerts, Lennert"]
[Result "1/2-1/2"]
[WhiteElo "2288"]
[BlackElo "2359"]
[PlyCount "28"]
[EventDate "2021.??.??"]
[SourceVersionDate "2020.03.16"]
[WhiteTeam "SV Letmathe 1"]
[BlackTeam "SV Mülheim-Nord 2"]

1. e4 e5 2. Nf3 Nc6 3. Bc4 Bc5 4. d3 Nf6 5. Nc3 a6 6. Be3 Bxe3 7. fxe3 d6 8. a4
Be6 9. Bxe6 fxe6 10. d4 exd4 11. exd4 d5 12. e5 Ne4 13. Qd3 Nxc3 14. Qxc3 O-O
1/2-1/2

[Event "SV Letmathe 1 - SV Mülheim-Nord 2"]
[Site "Oberliga NRW 2021/2022"]
[Date "2021.12.12"]
[Round "3.3"]
[White "Hausrath, Daniel"]
[Black "Gruermann, Martin"]
[Result "1-0"]
[WhiteElo "2473"]
[BlackElo "2201"]
[PlyCount "89"]
[EventDate "2021.??.??"]
[SourceVersionDate "2020.03.16"]
[WhiteTeam "SV Mülheim-Nord 2"]
[BlackTeam "SV Letmathe 1"]

1. Nf3 d5 2. g3 Nf6 3. Bg2 g6 4. b3 Bg7 5. Bb2 O-O 6. O-O c5 7. c4 d4 8. b4 Re8
9. bxc5 Nc6 10. d3 Nd7 11. Nbd2 Nxc5 12. Ba3 Qa5 13. Bxc5 Qxc5 14. Qa4 Bd7 15.
Rab1 b6 16. Rfc1 Ne5 17. Qa6 Qc8 18. Qa3 Nxf3+ 19. Bxf3 Bc6 20. c5 Bxf3 21.
Nxf3 Qe6 22. Kg2 bxc5 23. Rxc5 Bf6 24. Rbc1 Rab8 25. Rc6 Qd5 26. R1c5 Qd7 27.
Qc1 Kg7 28. Qc2 Rb6 29. Rc7 Qe6 30. R5c6 Qd5 31. Qa4 Reb8 32. Rc5 Qe6 33. Rc2
Ra6 34. Qc4 Qxc4 35. R7xc4 Rb1 36. g4 h6 37. h4 Ra5 38. Nxd4 Ra1 39. Nb3 R5xa2
40. Nxa1 Rxa1 41. h5 a5 42. hxg6 Kxg6 43. d4 h5 44. gxh5+ Kxh5 45. e3 1-0

[Event "SV Letmathe 1 - SV Mülheim-Nord 2"]
[Site "Oberliga NRW 2021/2022"]
[Date "2021.12.12"]
[Round "3.4"]
[White "Pfleger, Sascha"]
[Black "van Osch, Mees"]
[Result "0-1"]
[WhiteElo "1960"]
[BlackElo "2354"]
[PlyCount "70"]
[EventDate "2021.??.??"]
[SourceVersionDate "2020.03.16"]
[WhiteTeam "SV Letmathe 1"]
[BlackTeam "SV Mülheim-Nord 2"]

1. d4 d6 2. c4 e5 3. dxe5 dxe5 4. Qxd8+ Kxd8 5. Nc3 c6 6. Bg5+ f6 7. O-O-O+ Kc7
8. Bh4 Be6 9. e4 Nd7 10. Bg3 Bc5 11. Kc2 g5 12. Na4 Bd6 13. Nf3 Ne7 14. h4 g4
15. Rxd6 Kxd6 16. Nd4 Bf7 17. Be2 h5 18. Rd1 Kc7 19. Nf5 Nxf5 20. exf5 Rad8 21.
b3 Bg8 22. f4 gxf3 23. Bxf3 Bh7 24. Be4 Rhg8 25. Bf2 b6 26. Kc3 Rg4 27. Bf3 Rg7
28. Be4 Rdg8 29. Rg1 Rg4 30. Kd3 Rf4 31. Ke3 Bxf5 32. Bxf5 Rxf5 33. Nc3 Nc5 34.
b4 Ne6 35. b5 Rg4 0-1

[Event "SV Letmathe 1 - SV Mülheim-Nord 2"]
[Site "Oberliga NRW 2021/2022"]
[Date "2021.12.12"]
[Round "3.5"]
[White "Hoenig, Alexander"]
[Black "Hunold, Rolf"]
[Result "1/2-1/2"]
[WhiteElo "2168"]
[BlackElo "1940"]
[PlyCount "149"]
[EventDate "2021.??.??"]
[SourceVersionDate "2020.03.16"]
[WhiteTeam "SV Mülheim-Nord 2"]
[BlackTeam "SV Letmathe 1"]

1. d4 Nf6 2. Nf3 g6 3. c4 Bg7 4. Nc3 O-O 5. Bf4 d6 6. h3 Na6 7. e3 c5 8. d5 Nh5
9. Bh2 f5 10. Qd2 Bd7 11. Bd3 Nc7 12. O-O Rb8 13. Rab1 b6 14. Rfe1 Bh6 15. Ne2
Qe8 16. Qc2 Qf7 17. h4 Qf6 18. Qc3 b5 19. b3 Qxc3 20. Nxc3 b4 21. Ne2 a5 22.
Nf4 Nxf4 23. Bxf4 Bxf4 24. exf4 Rfe8 25. h5 e6 26. hxg6 hxg6 27. g3 exd5 28.
cxd5 Kf8 29. Bc4 Rxe1+ 30. Rxe1 Re8 31. Rd1 Bb5 32. Nd2 Bd7 33. a4 bxa3 34. Ra1
Ra8 35. Rxa3 a4 36. Kg2 Be8 37. Nf1 axb3 38. Rxb3 Ra4 39. Ne3 Rb4 40. Rxb4 cxb4
41. Nc2 Bb5 42. Bxb5 Nxb5 43. Nxb4 Nc3 44. f3 Ke7 45. Kf2 Nb5 46. Ke3 Nc7 47.
Kd4 Ne8 48. Nc6+ Kd7 49. Kc4 Nf6 50. Nd4 Nh5 51. Ne2 Nf6 52. Kd4 Kc7 53. Kc4
Kd7 54. Nd4 Nh5 55. Ne6 Nxg3 56. Nf8+ Ke7 57. Nxg6+ Kf7 58. Nh4 Kf6 59. Kb5 Ne2
60. Kc6 Nxf4 61. Kxd6 Kg5 62. Ke5 Nxd5 63. Nxf5 Nf4 64. Ne7 Nd3+ 65. Ke4 Nc5+
66. Ke3 Ne6 67. Nc6 Kf5 68. Ne7+ Ke5 69. Nc8 Kf5 70. Nd6+ Ke5 71. Ne4 Kf5 72.
Ng3+ Ke5 73. Ne4 Kf5 74. Ng3+ Ke5 75. Ne4 1/2-1/2

[Event "SV Letmathe 1 - SV Mülheim-Nord 2"]
[Site "Oberliga NRW 2021/2022"]
[Date "2021.12.12"]
[Round "3.6"]
[White "Heeke, Guido"]
[Black "Bus, Tom"]
[Result "1/2-1/2"]
[WhiteElo "1857"]
[BlackElo "2052"]
[Annotator "daniel"]
[PlyCount "67"]
[EventDate "2021.??.??"]
[SourceVersionDate "2020.03.16"]
[WhiteTeam "SV Letmathe 1"]
[BlackTeam "SV Mülheim-Nord 2"]

1. c4 e6 2. Nf3 c5 3. e3 Nf6 4. Be2 Nc6 5. O-O Be7 6. b3 O-O 7. Bb2 d5 8. d4
cxd4 9. Nxd4 Nxd4 10. Qxd4 dxc4 11. Qxc4 Bd7 12. Rd1 Rc8 13. Qd3 Bc6 14. Nc3
$11 Qa5 15. Rac1 Rfd8 16. Qb1 Qg5 17. Bf1 Ng4 18. h3 Nxe3 19. Rxd8+ Rxd8 20.
Ne4 Qf4 21. Rxc6 Nxf1 22. Rc1 Nd2 23. Nxd2 Rxd2 24. Rf1 Bd6 25. g3 Qf3 26. Qc1
Qd3 27. Qc8+ Bf8 28. Ba3 Qd8 29. Qxd8 Rxd8 30. Bxf8 Kxf8 31. Rc1 Ke7 32. Kf1
Rd2 33. Rc7+ Kf6 34. a4 1/2-1/2

[Event "SV Letmathe 1 - SV Mülheim-Nord 2"]
[Site "Oberliga NRW 2021/2022"]
[Date "2021.12.12"]
[Round "3.7"]
[White "Limbourg, Philipp"]
[Black "Atasoy, Tarik"]
[Result "1-0"]
[WhiteElo "2219"]
[BlackElo "1766"]
[PlyCount "79"]
[EventDate "2021.??.??"]
[SourceVersionDate "2020.03.16"]
[WhiteTeam "SV Mülheim-Nord 2"]
[BlackTeam "SV Letmathe 1"]

1. e4 c5 2. Nc3 d6 3. f4 Nc6 4. Nf3 Nf6 5. Bb5 Bd7 6. a4 e6 7. d3 Be7 8. O-O
O-O 9. Kh1 a6 10. Bxc6 Bxc6 11. e5 Nd5 12. Ne4 Nc7 13. Be3 b6 14. exd6 Bxd6 15.
Nxd6 Qxd6 16. Ne5 Nd5 17. Bd2 Bb7 18. Nc4 Qc6 19. Qg4 Nf6 20. Qe2 Rad8 21. Qf2
Ng4 22. Qg3 Nh6 23. Ne3 Nf5 24. Nxf5 exf5 25. Bc3 Qh6 26. Rfe1 Rd6 27. Qg5 Rg6
28. Qxh6 Bxg2+ 29. Kg1 gxh6 30. Kf2 Bd5 31. Re5 Be6 32. a5 Rb8 33. axb6 Rxb6
34. Rxc5 Kf8 35. Re1 h5 36. d4 h4 37. d5 Bd7 38. Rc7 Rbd6 39. Bb4 h3 40. Rxd7
1-0

[Event "SV Letmathe 1 - SV Mülheim-Nord 2"]
[Site "Oberliga NRW 2021/2022"]
[Date "2021.12.12"]
[Round "3.8"]
[White "Demin, Wladimir"]
[Black "Mainusch, Martin"]
[Result "0-1"]
[WhiteElo "1731"]
[BlackElo "1963"]
[PlyCount "84"]
[EventDate "2021.??.??"]
[SourceVersionDate "2020.03.16"]
[WhiteTeam "SV Letmathe 1"]
[BlackTeam "SV Mülheim-Nord 2"]

1. d4 Nf6 2. Nf3 g6 3. g3 Bg7 4. Bg2 O-O 5. O-O c6 6. c3 d6 7. Re1 Bg4 8. h3
Bxf3 9. Bxf3 Nbd7 10. e4 e5 11. d5 cxd5 12. exd5 Ne8 13. Nd2 f5 14. Nb3 Nb6 15.
Na5 Qc7 16. Be3 Nc4 17. Nxc4 Qxc4 18. Be2 Qc8 19. Rc1 Nf6 20. Bf1 Nh5 21. c4 f4
22. gxf4 Nxf4 23. Qg4 Rf5 24. Bxf4 Rxf4 25. Qxc8+ Rxc8 26. b4 b6 27. Bd3 Rd4
28. Bf1 Bh6 29. Rcd1 Rf4 30. a4 Rcf8 31. c5 bxc5 32. bxc5 dxc5 33. Rxe5 Bg7 34.
Re7 Bd4 35. Rxd4 Rxd4 36. Bg2 Rd1+ 37. Kh2 Rxf2 38. Kg3 Rfd2 39. Rxa7 Rg1 40.
d6 Rdxg2+ 41. Kf4 Rd2 42. Ra6 Kf7 0-1

[Event "SC Siegburg 1 - Bochumer SV 1"]
[Site "Oberliga NRW 2021/2022"]
[Date "2021.12.12"]
[Round "3.1"]
[White "Zatonskih, Anna"]
[Black "Andreev, Eduard"]
[Result "1/2-1/2"]
[WhiteElo "2426"]
[BlackElo "2423"]
[PlyCount "29"]
[EventDate "2021.??.??"]
[SourceVersionDate "2020.03.16"]
[WhiteTeam "Bochumer SV 1"]
[BlackTeam "SC Siegburg 1"]

1. d4 Nf6 2. c4 e6 3. Nc3 Bb4 4. Qc2 O-O 5. a3 Bxc3+ 6. Qxc3 d6 7. Nf3 Nc6 8.
b4 Re8 9. Bb2 e5 10. d5 Ne7 11. Nd2 c6 12. e4 b5 13. dxc6 Nxc6 14. cxb5 Nd4 15.
Rc1 1/2-1/2

[Event "SC Siegburg 1 - Bochumer SV 1"]
[Site "Oberliga NRW 2021/2022"]
[Date "2021.12.12"]
[Round "3.4"]
[White "Roshka, Yevgeniy"]
[Black "Kiese, Matthias"]
[Result "1-0"]
[WhiteElo "2481"]
[BlackElo "2154"]
[PlyCount "93"]
[EventDate "2021.??.??"]
[SourceVersionDate "2020.03.16"]
[WhiteTeam "SC Siegburg 1"]
[BlackTeam "Bochumer SV 1"]

1. d4 d5 2. c4 e6 3. Nf3 Nf6 4. g3 Be7 5. Bg2 O-O 6. O-O dxc4 7. Ne5 Nc6 8.
Bxc6 bxc6 9. Nd2 Qxd4 10. Nxc6 Qc5 11. Nxe7+ Qxe7 12. Nxc4 Bb7 13. b3 Rfd8 14.
Qc2 c5 15. Bb2 Rac8 16. Qc3 Qc7 17. f3 Ne8 18. e4 f6 19. e5 f5 20. Bc1 h6 21.
Be3 Rd5 22. Rac1 Rcd8 23. Qa5 Qxa5 24. Nxa5 Ba6 25. Rfe1 Rc8 26. f4 Kf7 27. Rc3
Rc7 28. Rec1 Be2 29. Kf2 Bg4 30. Rxc5 Rdxc5 31. Rxc5 a6 32. Nc6 Bh5 33. Nb4
Rxc5 34. Bxc5 Nc7 35. Bd6 Nd5 36. Nxa6 Nc3 37. Nb4 Bd1 38. Ke1 Bf3 39. Kd2 Nd5
40. Nd3 g5 41. a4 gxf4 42. gxf4 Bg2 43. a5 Ke8 44. b4 Kd7 45. Nc5+ Kc6 46. Nxe6
Kb5 47. Nd4+ 1-0

[Event "SC Siegburg 1 - Bochumer SV 1"]
[Site "Oberliga NRW 2021/2022"]
[Date "2021.12.12"]
[Round "3.5"]
[White "Pewny, Uwe"]
[Black "Maly, Alexey"]
[Result "1/2-1/2"]
[WhiteElo "2182"]
[BlackElo "2397"]
[PlyCount "72"]
[EventDate "2021.??.??"]
[SourceVersionDate "2020.03.16"]
[WhiteTeam "Bochumer SV 1"]
[BlackTeam "SC Siegburg 1"]

1. e4 c6 2. d4 d5 3. e5 Bf5 4. Nf3 e6 5. Be2 Nd7 6. O-O h6 7. b3 Ne7 8. c4 Bg6
9. Nc3 Nf5 10. h3 Be7 11. g4 Nh4 12. Nxh4 Bxh4 13. Be3 O-O 14. cxd5 cxd5 15.
Qd2 Be7 16. a3 Rc8 17. f4 f5 18. Bd3 Nb8 19. Ne2 Bh4 20. Kh2 Nc6 21. b4 Qe8 22.
Rg1 Ne7 23. Ng3 Bxg3+ 24. Rxg3 fxg4 25. hxg4 Bxd3 26. Qxd3 h5 27. Rh3 hxg4 28.
Qh7+ Kf7 29. Qh5+ Ng6 30. Qxg4 Qa4 31. f5 Qc2+ 32. Kg1 Ne7 33. Qh5+ Kg8 34.
Qh7+ Kf7 35. Qh5+ Kg8 36. Qh7+ Kf7 1/2-1/2

[Event "SC Siegburg 1 - Bochumer SV 1"]
[Site "Oberliga NRW 2021/2022"]
[Date "2021.12.12"]
[Round "3.6"]
[White "Albrecht, Oliver"]
[Black "Berndt, Joachim"]
[Result "1-0"]
[WhiteElo "2158"]
[BlackElo "2028"]
[Annotator "danie"]
[PlyCount "83"]
[EventDate "2021.??.??"]
[SourceVersionDate "2020.03.16"]
[WhiteTeam "SC Siegburg 1"]
[BlackTeam "Bochumer SV 1"]

1. d4 Nf6 2. Nf3 e6 3. c4 Bb4+ 4. Bd2 a5 5. g3 O-O 6. Bg2 Nc6 7. O-O Bxd2 8.
Qxd2 d6 9. d5 Ne5 10. Nxe5 dxe5 11. Rd1 Qe7 12. d6 cxd6 13. Qxd6 Qxd6 14. Rxd6
Bd7 15. Nc3 Ra6 16. Rxa6 bxa6 17. b3 Rb8 18. Rd1 Kf8 19. Ne4 Nxe4 20. Bxe4 Ke7
21. Kf1 f5 22. Bc2 g5 23. h3 Rc8 $11 24. Ke1 a4 25. Kd2 axb3 26. axb3 a5 27.
Kc3 Rc5 28. b4 axb4+ 29. Kxb4 Rc8 30. Bb3 Rb8+ 31. Kc3 Rc8 32. Ra1 h6 33. Ra7
Kd6 34. Ra6+ Rc6 35. Rxc6+ Bxc6 36. Kb4 Bg2 37. c5+ Kd7 38. h4 gxh4 39. gxh4 f4
40. Kb5 Bf1 41. Kb6 Bh3 42. Kb7 1-0

[Event "SC Siegburg 1 - Bochumer SV 1"]
[Site "Oberliga NRW 2021/2022"]
[Date "2021.12.12"]
[Round "3.7"]
[White "Wolter, Detlev"]
[Black "Kolkin, Michail"]
[Result "0-1"]
[WhiteElo "2174"]
[BlackElo "2319"]
[PlyCount "128"]
[EventDate "2021.??.??"]
[SourceVersionDate "2020.03.16"]
[WhiteTeam "Bochumer SV 1"]
[BlackTeam "SC Siegburg 1"]

1. d4 d5 2. c4 c6 3. Nc3 Nf6 4. e3 g6 5. b3 Bg7 6. Bb2 O-O 7. Bd3 c5 8. Nge2
cxd4 9. exd4 Nc6 10. O-O dxc4 11. Bxc4 Ne8 12. Ne4 Nd6 13. Nxd6 Qxd6 14. Qd2 e6
15. Rad1 Ne7 16. Nc3 Nd5 17. Nb5 Qd7 18. Rc1 a6 19. Nc3 Nxc3 20. Qxc3 b5 21.
Be2 Bb7 22. Qc7 Rfd8 23. h4 h5 24. Rfd1 Rac8 25. Qxd7 Rxd7 26. Rxc8+ Bxc8 27.
Bf3 Bb7 28. Bxb7 Rxb7 29. Rc1 Rd7 30. Rc8+ Kh7 31. Ra8 Bxd4 32. Bxd4 Rxd4 33.
Rxa6 Rxh4 34. Rb6 b4 35. Kf1 Rh1+ 36. Ke2 Ra1 37. Rxb4 Rxa2+ 38. Ke3 g5 39. g3
Kg6 40. Rb8 Rb2 41. Rb5 f6 42. Kf3 e5 43. Ke3 Kf5 44. Kf3 Rb1 45. Rb4 Re1 46.
Rc4 e4+ 47. Kg2 Rb1 48. Rc5+ Kg6 49. Rc4 Re1 50. b4 e3 51. fxe3 Rxe3 52. b5 Rb3
53. Rc5 Rb4 54. Kf3 h4 55. gxh4 Rxh4 56. b6 Rb4 57. Rc6 Kf5 58. Rc5+ Ke6 59.
Rc6+ Ke5 60. Kg3 f5 61. Rg6 Rb3+ 62. Kg2 Kf4 63. Rc6 Rb2+ 64. Kf1 Kg4 0-1

[Event "SC Siegburg 1 - Bochumer SV 1"]
[Site "Oberliga NRW 2021/2022"]
[Date "2021.12.12"]
[Round "3.8"]
[White "Breest, Axel"]
[Black "Schaefers, Andreas"]
[Result "0-1"]
[WhiteElo "1932"]
[BlackElo "1975"]
[PlyCount "58"]
[EventDate "2021.??.??"]
[SourceVersionDate "2020.03.16"]
[WhiteTeam "SC Siegburg 1"]
[BlackTeam "Bochumer SV 1"]

1. e4 c5 2. Nc3 e6 3. Bc4 a6 4. a4 d6 5. f4 Nf6 6. Qf3 Nc6 7. Nge2 Nb4 8. O-O
Nxc2 9. Rb1 Bd7 10. d3 Bc6 11. Qf2 d5 12. exd5 exd5 13. Bb3 Nb4 14. Rd1 Be7 15.
f5 O-O 16. Bf4 d4 17. Na2 Nxa2 18. Bxa2 Bxa4 19. Re1 Bc2 20. Qf3 Bxb1 21. Rxb1
Qd7 22. g4 Qa4 23. Ra1 Qc2 24. Bc1 Bd6 25. g5 Rae8 26. Kf2 Nd7 27. g6 Ne5 28.
Bb1 Nxf3 29. Bxc2 Ne5 0-1

[Event "SV Mülheim-Nord 2 - Klub Kölner SF 1"]
[Site "Oberliga NRW 2021/2022"]
[Date "2022.01.09"]
[Round "4.1"]
[White "Strohhaeker, Raoul"]
[Black "Buckels, Valentin"]
[Result "1-0"]
[WhiteElo "2402"]
[BlackElo "2432"]
[PlyCount "53"]
[EventDate "2022.??.??"]
[SourceVersionDate "2020.03.16"]
[WhiteTeam "Klub Kölner SF 1"]
[BlackTeam "SV Mülheim-Nord 2"]

1. e4 c6 2. d4 d5 3. e5 Bf5 4. Be3 Qb6 5. b3 e6 6. Nf3 h6 7. Be2 Ne7 8. O-O Bh7
9. c4 Nd7 10. Nc3 Rd8 11. a3 Nf5 12. b4 dxc4 13. Bxc4 g5 14. Bxe6 fxe6 15. Nxg5
Nxe5 16. Nxe6 Rd7 17. Re1 Be7 18. Bf4 Ng6 19. Qh5 Nxd4 20. Be3 Nxe6 21. Bxb6
Nef4 22. Qxh6 axb6 23. g3 Bg8 24. Qg7 Nh3+ 25. Kg2 Bf7 26. Ne4 Ngf4+ 27. gxf4
1-0

[Event "SV Mülheim-Nord 2 - Klub Kölner SF 1"]
[Site "Oberliga NRW 2021/2022"]
[Date "2022.01.09"]
[Round "4.2"]
[White "Zelbel, Patrick"]
[Black "Morawietz, Dieter"]
[Result "0-1"]
[WhiteElo "2443"]
[BlackElo "2406"]
[PlyCount "94"]
[EventDate "2022.??.??"]
[SourceVersionDate "2020.03.16"]
[WhiteTeam "SV Mülheim-Nord 2"]
[BlackTeam "Klub Kölner SF 1"]

1. e4 e6 2. d4 d5 3. Nd2 Be7 4. Ngf3 Nf6 5. e5 Nfd7 6. Bd3 c5 7. c3 Nc6 8. O-O
g5 9. dxc5 g4 10. Nd4 Ndxe5 11. Bb5 Bd7 12. Bxc6 bxc6 13. f4 gxf3 14. N2xf3 Ng6
15. Qe2 Rg8 16. Kh1 Qc7 17. Ng5 Qe5 18. Qf2 Qg7 19. Qe2 Nh8 20. Ngf3 f6 21. Bf4
Nf7 22. Bd6 Bxd6 23. Nf5 Qf8 24. cxd6 Nxd6 25. N3d4 Ne4 26. Qh5+ Kd8 27. Ne3
Rg6 28. Qh3 Ng3+ 29. Kg1 Nxf1 30. Rxf1 Qe7 31. Re1 e5 32. Ndf5 Bxf5 33. Nxf5
Qd7 34. Qf3 Kc7 35. Nh4 Qg4 36. Nxg6 Qxf3 37. gxf3 hxg6 38. Re2 g5 39. Kg2 Rh8
40. Kg3 Kd6 41. Rd2 c5 42. b3 Rh4 43. Rc2 f5 44. Re2 e4 45. fxe4 Rxe4 46. Rc2
Re3+ 47. Kf2 f4 0-1

[Event "SV Mülheim-Nord 2 - Klub Kölner SF 1"]
[Site "Oberliga NRW 2021/2022"]
[Date "2022.01.09"]
[Round "4.3"]
[White "Helbig, Mark"]
[Black "Rezazadeh, Amir"]
[Result "0-1"]
[WhiteElo "2240"]
[BlackElo "2302"]
[Annotator "daniel"]
[PlyCount "118"]
[EventDate "2022.??.??"]
[SourceVersionDate "2020.03.16"]
[WhiteTeam "Klub Kölner SF 1"]
[BlackTeam "SV Mülheim-Nord 2"]

1. Nf3 d5 2. g3 Nf6 3. Bg2 e6 4. O-O a6 5. d3 Be7 6. Nbd2 O-O 7. e4 c5 8. Qe2
Nc6 9. e5 Nd7 10. Re1 b5 11. Nf1 a5 12. h4 b4 13. Bf4 Ba6 14. b3 Rc8 15. Rad1
a4 16. N1h2 Qe8 17. h5 a3 18. Bh3 Kh8 19. Qd2 Na7 20. g4 Nb5 21. g5 Nc3 22. Ra1
d4 23. h6 g6 24. Bg2 Nb6 25. Qc1 Qd7 26. Nd2 Qd8 27. Ne4 Nbd5 28. Nf6 Bxf6 29.
exf6 Nxf4 30. Qxf4 Qc7 31. Qxc7 Rxc7 32. Nf3 Bb7 33. Nd2 Bxg2 34. Kxg2 Rd8 35.
Ne4 Rd5 36. f4 Nb5 37. Kg3 Kg8 38. Re2 Kf8 39. Rf1 $11 Ke8 40. Rf3 Rcd7 41. Rf1
Rf5 42. Kg4 Kd8 43. Ree1 Kc7 44. Ng3 Rfd5 45. Ne4 Rd8 46. Rf2 Kc6 47. Rff1 Re8
48. Rf2 Rf5 49. Ng3 Nc3 50. Ra1 Rd5 51. Ne2 Red8 52. Nxc3 dxc3 53. Re1 Rd4 54.
Rfe2 R4d5 55. Re4 Rf5 56. R1e2 Rdd5 57. Rc4 e5 58. fxe5 Rfxe5 59. Rxe5 Rxe5 0-1

[Event "SV Mülheim-Nord 2 - Klub Kölner SF 1"]
[Site "Oberliga NRW 2021/2022"]
[Date "2022.01.09"]
[Round "4.4"]
[White "Hausrath, Daniel"]
[Black "Wacker, Peter"]
[Result "1/2-1/2"]
[WhiteElo "2473"]
[BlackElo "2239"]
[PlyCount "54"]
[EventDate "2022.??.??"]
[SourceVersionDate "2020.03.16"]
[WhiteTeam "SV Mülheim-Nord 2"]
[BlackTeam "Klub Kölner SF 1"]

1. Nf3 d5 2. g3 Nc6 3. d4 Bf5 4. Bg2 Nb4 5. Na3 e6 6. O-O h6 7. Ne5 Bd6 8. c3
Bxe5 9. dxe5 Nc6 10. c4 Nge7 11. cxd5 exd5 12. Nb5 O-O 13. Bf4 Rc8 14. Nc3 Be6
15. Rc1 Qd7 16. Qa4 Rfd8 17. Rfd1 Qe8 18. Qb5 d4 19. Ne4 Bd5 20. Qxb7 Rb8 21.
Qa6 Rxb2 22. Bxh6 Rb6 23. Qd3 Nxe5 24. Qxd4 Nf5 25. Qc5 Rc6 26. Bg5 Rxc5 27.
Nxc5 f6 1/2-1/2

[Event "SV Mülheim-Nord 2 - Klub Kölner SF 1"]
[Site "Oberliga NRW 2021/2022"]
[Date "2022.01.09"]
[Round "4.5"]
[White "Bayer, Ernst-Wolfgang"]
[Black "Stillger, Bernhard"]
[Result "1/2-1/2"]
[WhiteElo "2223"]
[BlackElo "2238"]
[PlyCount "71"]
[EventDate "2022.??.??"]
[SourceVersionDate "2020.03.16"]
[WhiteTeam "Klub Kölner SF 1"]
[BlackTeam "SV Mülheim-Nord 2"]

1. Nf3 c5 2. g3 g6 3. d4 cxd4 4. Qxd4 Nf6 5. c4 Nc6 6. Qd3 d5 7. Bg2 Bf5 8. Qb3
Na5 9. Qa4+ Bd7 10. Qd1 Nxc4 11. Nc3 Bc6 12. Nd4 Bg7 13. O-O O-O 14. e4 dxe4
15. Nxc6 bxc6 16. Qa4 Nd6 17. Qxc6 Rb8 18. Qa4 a5 19. Rb1 Rb4 20. Qc2 Qc7 21.
Qe2 Qc4 22. Qxc4 Rxc4 23. Rd1 Rfc8 24. Bf4 Rb4 25. a3 Rb3 26. Bf1 Rcb8 27. Na4
Ng4 28. Bxd6 exd6 29. Bc4 R3b7 30. Rxd6 e3 31. fxe3 Nxe3 32. Ba6 Rc7 33. Re1
Nc4 34. Rc1 Nxd6 35. Rxc7 Bxb2 36. Nxb2 1/2-1/2

[Event "SV Mülheim-Nord 2 - Klub Kölner SF 1"]
[Site "Oberliga NRW 2021/2022"]
[Date "2022.01.09"]
[Round "4.6"]
[White "Baltic, Fatih"]
[Black "Bonnmann, Reinhard"]
[Result "1-0"]
[WhiteElo "2207"]
[BlackElo "2183"]
[PlyCount "97"]
[EventDate "2022.??.??"]
[SourceVersionDate "2020.03.16"]
[WhiteTeam "SV Mülheim-Nord 2"]
[BlackTeam "Klub Kölner SF 1"]

1. e4 c5 2. Nf3 Nc6 3. d3 g6 4. g3 Bg7 5. Bg2 Nf6 6. O-O O-O 7. Re1 e5 8. c3 d6
9. a3 a5 10. a4 h6 11. Na3 Be6 12. Nd2 d5 13. exd5 Nxd5 14. Ndc4 Rb8 15. Qb3 b6
16. Bd2 Kh7 17. h3 Qc7 18. Rad1 Rfd8 19. Nb5 Qd7 20. Kh2 h5 21. Bg5 f6 22. Bc1
Bf8 23. Qc2 Qf7 24. Qe2 h4 25. Qe4 hxg3+ 26. fxg3 Kg8 27. Rf1 Rd7 28. Rde1 Qh7
29. Rxf6 Bf5 30. Rxf5 gxf5 31. Qxd5+ Rxd5 32. Bxd5+ Kh8 33. Bxc6 Bh6 34. Nxe5
Bxc1 35. Rxc1 Qg7 36. d4 Rg8 37. Rg1 f4 38. g4 cxd4 39. cxd4 Rc8 40. Be4 Qf6
41. g5 Qe6 42. Nd6 Rc7 43. g6 Qb3 44. Nef7+ Kg8 45. g7 Rc2+ 46. Bxc2 Qxc2+ 47.
Rg2 Qh7 48. Ne4 Qh4 49. Rg4 1-0

[Event "SV Mülheim-Nord 2 - Klub Kölner SF 1"]
[Site "Oberliga NRW 2021/2022"]
[Date "2022.01.09"]
[Round "4.7"]
[White "Wisskirchen, Andreas"]
[Black "Hoenig, Alexander"]
[Result "0-1"]
[WhiteElo "2187"]
[BlackElo "2168"]
[PlyCount "94"]
[EventDate "2022.??.??"]
[SourceVersionDate "2020.03.16"]
[WhiteTeam "Klub Kölner SF 1"]
[BlackTeam "SV Mülheim-Nord 2"]

1. d4 d5 2. c4 c6 3. Nf3 Nf6 4. Nc3 a6 5. a4 e6 6. e3 Be7 7. Qc2 a5 8. Be2 Na6
9. O-O Nb4 10. Qb1 b6 11. b3 Bb7 12. Bb2 O-O 13. Rd1 Qc7 14. Ne5 Bd6 15. f4 Nd7
16. e4 f6 17. Nxd7 Qxd7 18. e5 fxe5 19. fxe5 Be7 20. Bg4 Ba6 21. cxd5 cxd5 22.
Nb5 Rac8 23. Rc1 Bxb5 24. axb5 Bg5 25. Rc3 Rxc3 26. Bxc3 Rc8 27. Bxb4 Be3+ 28.
Kh1 Rc1+ 29. Qxc1 Bxc1 30. Rxc1 axb4 31. h3 Qxb5 32. Bxe6+ Kf8 33. Bf5 g6 34.
Bc8 Qd3 35. e6 Ke7 36. Rc7+ Kd6 37. Rf7 Qxb3 38. e7 Qe3 39. Ba6 b3 40. Kh2 b2
41. Bd3 h5 42. Bxg6 h4 43. Bb1 Qg3+ 44. Kh1 Kd7 45. Bf5+ Ke8 46. Rh7 b1=Q+ 47.
Bxb1 Qe1+ 0-1

[Event "SV Mülheim-Nord 2 - Klub Kölner SF 1"]
[Site "Oberliga NRW 2021/2022"]
[Date "2022.01.09"]
[Round "4.8"]
[White "Bus, Tom"]
[Black "Schmidt, Martin"]
[Result "0-1"]
[WhiteElo "2052"]
[BlackElo "2164"]
[Annotator "daniel"]
[PlyCount "72"]
[EventDate "2022.??.??"]
[SourceVersionDate "2020.03.16"]
[WhiteTeam "SV Mülheim-Nord 2"]
[BlackTeam "Klub Kölner SF 1"]

1. Nf3 d5 2. g3 Nd7 3. d4 Nb6 4. Bg2 Bf5 5. Nbd2 e6 6. O-O c6 7. Ne5 Bd6 8. e4
dxe4 9. Nxe4 Nf6 10. Nxd6+ Qxd6 11. Bf4 Qb4 12. Qe2 Nfd5 13. Bd2 Qxb2 14. c4
Ne7 15. g4 Bg6 16. a4 Qxd4 17. Bb4 Nxc4 18. Nxc4 Bd3 19. Qd2 Qxc4 20. Rac1 Qd4
21. Bc3 Qd7 22. Rfd1 O-O-O 23. Qe3 Kb8 24. Be5+ Ka8 25. Bf1 f6 26. Bg3 e5 27.
Qxd3 Nd5 28. Qc4 Qe7 29. a5 Nb4 30. Bg2 a6 31. Be4 g6 32. Kg2 Rhf8 33. Rxd8+
Rxd8 34. Rb1 Rd4 35. Qg8+ Ka7 36. Bf3 f5 {ZÜ} 0-1

[Event "SV Wattenscheid 1 - SC Siegburg 1"]
[Site "Oberliga NRW 2021/2022"]
[Date "2022.01.09"]
[Round "4.1"]
[White "Hoffmann, Michael"]
[Black "Koscielski, Janusz"]
[Result "1/2-1/2"]
[WhiteElo "2430"]
[BlackElo "2226"]
[PlyCount "43"]
[EventDate "2022.??.??"]
[SourceVersionDate "2020.03.16"]
[WhiteTeam "SC Siegburg 1"]
[BlackTeam "SV Wattenscheid 1"]

1. e4 c6 2. d4 d5 3. e5 Bf5 4. Nf3 e6 5. Be2 Ne7 6. O-O Ng6 7. b3 Nd7 8. c4 f6
9. Na3 Be7 10. Ne1 fxe5 11. g4 Be4 12. f3 exd4 13. fxe4 dxe4 14. Nac2 e5 15.
Kh1 c5 16. Ng2 Bg5 17. Nce3 Nf6 18. Nf5 Bxc1 19. Qxc1 O-O 20. Qg5 Ne8 21. Qd2
Nd6 22. Rae1 1/2-1/2

[Event "SV Wattenscheid 1 - SC Siegburg 1"]
[Site "Oberliga NRW 2021/2022"]
[Date "2022.01.09"]
[Round "4.2"]
[White "Straeter, Timo"]
[Black "Jackelen, Thomas"]
[Result "0-1"]
[WhiteElo "2275"]
[BlackElo "2396"]
[PlyCount "56"]
[EventDate "2022.??.??"]
[SourceVersionDate "2020.03.16"]
[WhiteTeam "SV Wattenscheid 1"]
[BlackTeam "SC Siegburg 1"]

1. d4 d5 2. c4 c6 3. Nf3 Nf6 4. e3 a6 5. Bd3 Bg4 6. Nbd2 e6 7. b3 Qa5 8. Bb2
Ba3 9. Bxa3 Qxa3 10. O-O Nbd7 11. Qc2 Bh5 12. c5 Qa5 13. Ng5 e5 14. e4 h6 15.
Ngf3 Bxf3 16. Nxf3 dxe4 17. Bxe4 exd4 18. Rac1 O-O 19. Bf5 Rad8 20. Rfd1 Rfe8
21. Nxd4 Qxc5 22. Qb1 Qb4 23. h3 Nb6 24. Qb2 Rd5 25. Nc2 Qf4 26. Rxd5 Nbxd5 27.
Bd3 Qd2 28. Bc4 Nb4 0-1